000 00311nam a22001337a 4500
008 170504b xxu||||| |||| 00| 0 eng d
020 _a2900495095414
041 _aeng
080 _211TH
_a343.9
100 _a15
101 _aSHJ
245 _aINTRODUCTION TO CRIMINAL JUSTICE
_cSIEGEL, M.J
942 _2udc
_cBK
999 _c12722
_d12722